LDR 02346nam#a2200193#i#450# 001 5051 005 20260426083438.7 008 _ 20260415d2026####ek#y0rusy0150####ca 020 ## _$a978-5-9228-3168-0 041 0# _$aRUS 044 ## _$axxu 080 ## _$aАнглийский язык. 811.111 100 #1 _$aБанков, Андрей Сергеевич _$aМосковский государственный институт международных отношений (университет) Министерства иностранных дел Российской Федерации 245 00 _$aРеферирование публицистических текстов _$cУчебник 260 1# _$aМосква _$bИздательский дом МГИМО _$c2026 300 ## _$a77 p. 500 ## _$aУчебное пособие предназначено для развития умения реферирования публицистических текстов общественно-политической тематики на английском языке. Даны методические рекомендации для преподавателей, а обучающимся предоставлены подробные инструкции и примеры, как осуществлять реферирование, выдвигаются требования к структуре и содержанию реферата. В практической части представлена серия текстов, подлежащих реферированию, с тематической разбивкой. Каждый текст сопровождается дополнительными вопросами и заданиями, что позволяет неоднократно сымитировать ситуацию экзамена, сделав его формат привычным для обучающихся. Для студентов и аспирантов языковых и неязыковых направлений подготовки, владеющих английским языком на уровне не менее B2. _$aреферирование, реферат, английский язык _$a10.63861/3168-0 533 ## _$aThere is an electronic copy 856 4# _$adom.mgimo.ru _$u